Countries with eight letters - Statistics

General Stats
  • This quiz has been taken 34 times
  • The average score is 15 of 25
Answer Stats
Answer % Correct
Ethiopia
92%
Paraguay
92%
Botswana
67%
Colombia
67%
Honduras
67%
Mongolia
67%
Tanzania
67%
Barbados
58%
Bulgaria
58%
Cambodia
58%
Cameroon
58%
Djibouti
58%
Pakistan
58%
Portugal
58%
Slovakia
58%
Slovenia
58%
Suriname
58%
Thailand
58%
Dominica
50%
Kiribati
50%
Zimbabwe
50%
Sri lanka
42%
Eswatini
33%
Malaysia
33%
Maldives
33%
No matching quizzes found
Score Distribution
Percent of People with Each Score
Percentile by Number Answered
Your Score History
You have not taken this quiz